Quizzes
Events
Quiz Creation
Community
Videos
Private Events
Remove Ads
Sign In
Join for FREE
Feedback
Dark Mode
Quiz Categories
Sports
Geography
Music
Movies
Television
Just For Fun
Miscellaneous
History
Literature
Language
Science
Gaming
Entertainment
Religion
Holiday
For Kids
Quiz Lab
Recent
Popular Today
Quiz Kudos Today
Editor Picks
Curator Picks
Quizzes by...
Day
Popularity
Type
Ratings
Length
Year
Community
Subscriptions
Recent Discussions
Orange Saloon
Badges
Playlists
Quests
Create
Leaderboards
Showdown
Live 5
Trivia Bingo
Activity
Puzzle Library
Sporcle Events
Private Events
Virtual Trivia
Globe League
Become a Host
Pub Owners
SporcleCon
Opinionation
Our Games
Videos
Blog
Mobile Apps
Partnerships
Remove Ads and Go Orange
Feedback
Geography
Country
Landmarks
City
State
Population
World
Capital
Continent
Flags
Europe
Africa
Asia
South America
North America
Oceania
Border
Canada
United Kingdom
Topography
United States
Geography
Country
Landmarks
City
State
Population
World
Capital
Continent
Flags
Europe
Africa
Asia
South America
North America
Oceania
Border
Canada
United Kingdom
Topography
United States
Random Quiz
Search Sporcle
×
Curator Pick
Curator Pick
Geography
This or That
Type answers based on single images at one time
Type answers based on single images at one time
Slideshow
Best Score? Go Orange.
Does it have the Union Jack? Stats
Can you identify whether or not the white space missing from the given flag does or does not have the Union Jack?
By
11Joe28
4m
12 Questions
1,334 Plays
1,334 Plays
1,334 Plays
Comments
Comments
Give Quiz Kudos
Give Quiz Kudos
-
- Ratings
hide this ad
Replay
Link that replays current quiz
Next Quiz
Link to next quiz in quiz playlist
You Got
0%
They Got
Avg Score
75%
Avg Friend Score
Upgrade to see
Score Distribution
Jump to the score distribution portion of the page
Score
0/12
Timer
04:00
0
Plays Today
% Correct
By Gum! Myanmar's flag does not have the Union Jack!
93.5%
By Gum! The Gambia's flag does not have the Union Jack!
92.3%
By Gum! Fiji's flag has the Union Jack!
87.9%
By Gum! BIOT's flag has the Union Jack!
84.9%
By Gum! The UK's flag has the Union Jack!
84.7%
By Gum! Cabo Verde's does not have the Union Jack!
78.6%
By Gum! Tuvalu's flag has the Union Jack!
75.7%
By Gum! Georgia's does not have the Union Jack!
74.5%
By Gum! Tonga's flag does not have the Union Jack!
69.3%
By Gum! Saskatchewan's flag does not have the Union Jack!
62.5%
By Gum! Hawaii's flag has the Union Jack!
61.6%
By Gum! Niue's flag has the Union Jack!
34.1%
Quiz Playlist
Details
Report
Send in Message
Add To Playlist
Slideshow:
Type answers based on single images at one time
Last Updated: May 21, 2017
Curator Pick in
This or That
,
Flags
Quiz Scoreboard
CHALLENGE
Sign Up to Join the Scoreboard
Show All
Scores
Hide
Comments
May contain spoilers
Recently Published
Billboard Blitz: Fleetwood Mac
by CooCooCachoo
Music
15s
Presidents Visiting Landmarks
by Hejman
History
7m
An Introduction to Baseball
by treessimontrees
Sports
5m
More to Explore
Quiz From the Vault
Featured Blog Post
Where Did the Easter Bunny Come From?
hide this ad
You Might Also Like...
Tags
Flags Quiz
This or That Quiz
union
Union Jack
Today's Top Quizzes in Geography
Browse Geography
hide this ad
Today's Top Quizzes in This or That
Browse This or That
Top Contributed Quizzes in Geography
1
Countries of the World - No Outlines Minefield
2
Top 25 Cities of France on a map
3
Any capital of a 'B' country per Continent
4
Any capital of a 'C' country per Continent
5
Closest Countries to UK A-Z
6
Any capital of a 'D' country per Continent
7
5-to-1: US Geography No Hints
8
One Thing in Common: United Kingdom
9
Any capital of an 'E' country per Continent
10
Any capital of an 'F' country per Continent
Explore More
Trending Topics
NBA
Disney
Anime
Kpop
Crossword
Marvel
Harry Potter
Country
Song
Soccer
The Office
WWE
Puzzle
NFL
Pokémon
hide this ad
More By:
11Joe28
Quiz
Plays
Rating
Category
Featured
Created
Odd One Out: Actors and Actresses in Movies
37,443
4.52
Movies
Oct 2, 2016
Colorful Big 4 Teams
29,905
4.70
Sports
May 31, 2016
Race to Statehood A-Z
24,172
4.72
History
Nov 30, 2016
Star Wars Planets Logic Puzzle
9,387
3.08
Movies
Jan 15, 2016
'Weird Al' Yankovic Parody Match-Up
9,332
4.22
Music
Oct 21, 2014
Go to Creator's Profile
Score Distribution
Quiz Creator Spotlight
11Joe28
Follow
Send a Message
Quizzes Created
-
Created Quiz Play Count
-
More By This Creator
Popular Quizzes Today
1
Find the US States - No Outlines Minefield
2
Find the Countries of Europe - No Outlines Minefield
3
The Countries of the World
4
Find the US States
5
US States
6
Popular People in 1961
7
Risky Map Clicking: Biggest States A-Z
8
Movies - When Are They Set?
More Geography Quizzes
Country by Tropic of Cancer City
Quiz Lab
Trending Quizzes
Risky Map Clicking: Least Populous States A-Z
1-10 Letter G Words
1-10 Letter F Words
Risky Map Clicking: Next State Alphabetically
Risky Map Clicking: Biggest States A-Z
Recently Updated
Leaping Animals
pecheneg
Reality TV Shows (A-Z)
bhenderson79
Rickey Henderson's Hall of Fame Teammates
pecheneg
Champions League XIs: Arsenal
pecheneg
Quick Pick: Celebrities in WWE's Hall of Fame
aduchscher
A-Z Keypad Blitz II
pecheneg
Multiple Oscar Actors
pecheneg
Mystery Phrase Blitz: Oscar 'Best Actors'
pecheneg
F. Scott Fitzgerald Novels
LTH
Pick 3 Villains
ddd62291
Trending Topics
Disney
NBA
Harry Potter
Anime
Marvel
Crossword
Kpop
Song
The Office
Pokémon
Country
Puzzle
WWE
Soccer
NFL
Your Account Isn't Verified!
In order to create a playlist on Sporcle, you need to verify the email address you used during registration. Go to your
Sporcle Settings
to finish the process.
Report this User
Report this user for behavior that violates our
Community Guidelines
.
Details:
Send Report
Go to the Sporcle.com Mobile Site →
Comments